Statistiken für Wichtige Daten vom 17. bis 21. Jhd

Klicken Sie hier um das Quiz zu spielen!

Allgemein

  • Dieses Quiz wurde 146 mal gespielt
    (107 seit der letzten Aktualisierung)
  • Das Durchschnittsergebnis liegt bei 10 aus 65

Antwortstatistiken

DatumEreignis% Korrekt
1939-19452. Weltkrieg
54%
1914-19181. Weltkrieg
50%
1789Französische Revolution
46%
09.11.1989Mauerfall
40%
14.07.1789Sturm auf die Bastille
38%
1919-1933Weimarer Republik
38%
1799-1815Napoleon
34%
1815Wiener Kongress
26%
11.09.2001Terroranschläge auf das World Trade Center
24%
1929-1933Weltwirtschaftskrise
22%
1933-1945Nationalsozialismus
20%
1756-1763Siebenjähriger Krieg
20%
1712-1786Friedrich der Große
18%
07.10.1949Gründung DDR
18%
1941-1945Holocaust
18%
25.10.1929Schwarzer Freitag
18%
1776Unabhängigkeitserklärung USA
18%
1813Völkerschlacht bei Leipzig
18%
17.-18. Jhd.Aufgeklärter Absolutismus
16%
23.05.1949Gründung BRD
16%
1832Hambacher Fest
16%
09.11.1938Reichspogromnacht
16%
1917Russische Revolution
16%
01.09.1939Angriff auf Polen
14%
30.01.1933Ernennung Hitlers zum Reichskanzler
14%
1918Novemberrevolution
14%
1815-1848vormärz
14%
03.10.1990Wiedervereinigung Deutschlands
14%
18. Jhd.Aufstieg Russlands zur Großmacht
12%
1806Ende des Heiligen Römischen Reiches Deutscher Nation
12%
1890Entlassung Bismarcks
12%
1880-1914Imperialismus
12%
1962Kubakrise
12%
1935Nürnberger Gesetze
12%
1848/49Paulskirchenversammlung
12%
1871Reichsgründung
12%
2016Austritt der Briten aus der EU
10%
Um 1830Beginn der Industrialisierung in den deutschen Territorien
10%
Um 1780Beginn der Industrialisierung in England
10%
1834Deutscher Zollverein
10%
09.11.1918Doppelte Ausrufung der Weimarer Republik
10%
1835Erste Eisenbahnstrecke
10%
Ab 1863Gründung von Arbeitsparteien
10%
August 1945Atombomben auf Hiroshima und Nagasaki
8%
1945Gründung der UNO
8%
1949Gründung Nato
8%
1848Kommunistisches Manifest von Karl Marx
8%
1961Mauerbau
8%
Ab 1945Ost-West-Konflikt
8%
1919Versailler Friedensvertrag
8%
1955-1975Vietnam Krieg
8%
08.05.1945Bedingungslose Kapitulation Deutschlands
6%
1948Gründung Israels
6%
1950-1953Korea-Krieg
6%
Juli/August 1945Potsdamer Konferenz
6%
1991Auflösung der Sowjetunion
4%
1967Gründung der Europäischen Gemeinschaft
4%
1957Gründung der Europäischen Wirtschaftsgemeinschaft
4%
1949Gründung der Volksrepublik China
4%
1955Gründung des Warschauer Paktes
4%
1943Schlacht auf Stalingrad
4%
1970Warschauer Verträge
4%
1990/91Golfkrieg (Zweiter)
2%
1993Gründung der EU
2%
1991-1999Kriege im ehemaligen Jugoslawien
2%

Verteilung der Resultate

Perzentil nach korrekt beantworteten Fragen

Anzahl Personen mit jedem Resultat

Ihre Resultats-Entwicklung

Sie haben dieses Quiz seit der letzten Aktualisierung nicht gespielt